000 01021nam a22002537a 4500
001 BD-DhSAU 7469
003 BD-DhSAU
005 20230711120604.0
008 150422b2006 bg ||||| m||m 00| 0 eng d
040 _aBD-DhSAU
082 _222
_a581
_bK5279
100 _aKHATUN, RESHMA
_eRegistration No. # 19-10361
245 _aEffect of sowing date on growth and yield of mung bean (vigna radiata l.) /
_bMS thesis
260 _aSher-e- Bangla Agricultural University:
_bDepartment of Agriculture Botany,
_c2021.
300 _aviii, 48p.:
_b30 cm.
500 _aMS thesis of Department of Agriculture Botany, Faculty of Agriculture , Sher-e-Bangla Agricultural University, Dhaka, Bangladesh
590 _aNamul
650 _asowing date
651 _amung bean (vigna radiata l.)
700 _aProf. Dr. Md.Ashabul Hoque
_eSuperviser
700 _aProf. Dr. Md. Moinul Haque
_eCo-Superviser
856 _uhttp://archive.saulibrary.edu.bd:8080/xmlui/handle/123456789/4920
942 _2ddc
_cTHESIS
999 _c16908
_d16907